| 000 | 00744nam a22002057a 4500 | ||
|---|---|---|---|
| 999 |
_c21273 _d21273 |
||
| 003 | AR-CdUCM | ||
| 008 | 190327b ||||| |||| 00| 0 spa d | ||
| 040 |
_aMUNICIPALIDAD PROVINCIAL DEL CUSCO _cBIBLIOTECA MUNICIPAL DEL CUSCO |
||
| 082 |
_a512 / _bA46 |
||
| 100 |
_aAltamirano Alegría, Jhonatan _925133 |
||
| 245 | _aEl chankita Inecuaciones / | ||
| 260 |
_aCusco ; _bGarabato, _c2017. |
||
| 300 |
_a143 Páginas. : _c20 cm. |
||
| 505 | _aContenido: Desigualdades -- Inecuaciones -- Conjunto solución -- Problemas resueltos --Solución ficha cepru --Problemas propuestos ... | ||
| 650 |
_aÁlgebra _919778 |
||
| 650 |
_aProblemas, ejercicios, etc _925134 |
||
| 650 |
_aEstudio y enseñanza _92610 |
||
| 942 |
_2ddc _cLIBROS |
||
| 945 | _aRoel | ||